Random easy quiz - Statistics

General Stats
  • This quiz has been taken 41 times
  • The average score is 21 of 26
Answer Stats
Hint Answer % Correct
2+2 4
100%
is the number 1 a prime number? No
97%
The name of this quiz Random easy quiz
97%
Every Prime number less than 3 2
94%
First 3 digits of Pi 3.14
94%
The name of the user that made the quiz FuchsiaCinnamon
88%
Planet closest to the sun Mercury
88%
Knock knock Who's there?
88%
How many questions are on this quiz? 26
85%
Same answer as the first question, but with letters Four
85%
One of the eleven main colors Black
82%
One of the eleven main colors Green
82%
One of the eleven main colors Orange
82%
One of the eleven main colors Purple
82%
One of the eleven main colors Red
82%
One of the eleven main colors White
82%
One of the eleven main colors Yellow
82%
Last letter of the alphabet Z
82%
One of the eleven main colors Pink
79%
One of the eleven main colors Blue
76%
Largest Youtuber (highest sub count) Mr. Beast
76%
Only planet that spins sideways Uranus
76%
One of the eleven main colors Brown
74%
One of the eleven main colors Gray
74%
An element on the periodic table located in the noble gases Nice pick
62%
This meme is still MASSIVE Low taper fade
47%
No matching quizzes found
Score Distribution
Percent of People with Each Score
Percentile by Number Answered
Your Score History
You have not taken this quiz